Velocidad de reacción.

Guardado en:
Formato: Deslizar
Materias:
Etiquetas: Agregar Etiqueta
Sin Etiquetas, Sea el primero en etiquetar este registro!
LEADER 00892ngm a22002295g 4500
001 CEM.cems022604
008 130507b2001##################0###0#####d
005 20241108171021.0
245 0 0 |a Velocidad de reacción. 
300 |a 19'. 
500 |a En soporte VHS, consultar en ventanilla. 
505 0 |a Reacciones. Velocidad de reacción. Fases. Experimentos con la combinación entre elementos. Teoría de los choques. Influencia de la temperatura en la velocidad de reacción. Catalizadores. 
538 |a Soporte: VHS - Norma: Pal N - Color: Si - Grabación DRD 2001 - Hitachi=1380 
082 5 4 |/ EDU 
653 |a QUIMICA 
653 |a REACCIONES QUIMICAS 
653 |a QUIMICA INORGANICA 
653 |a VELOCIDAD DE REACCCION 
653 |a CATALIZADORES 
653 |a NIVEL PRIMARIO 
653 |a NIVEL SECUNDARIO 
859 |a CEMS  |b BIB. CEMS - Depto. Recursos Didacticos  |h 541  |i EDU  |k DRD  |p 1247.12  |t Ej.1